[Event "7th HIT Open"]
[Site "Nova Gorica SLO"]
[Date "2002.02.07"]
[Round "8"]
[White "Sitnik,I"]
[Black "Burmakin,V"]
[Result "0-1"]
[WhiteElo "2291"]
[BlackElo "2564"]

1.d4 d5 2.c4 c6 3.Nf3 Nf6 4.Nc3 a6 5.a4 e6 6.Bg5 Nbd7 7.e3 Qa5 8.Nd2 Bb4
9.Qc2 c5 10.Bh4 O-O 11.Be2 Qb6 12.dxc5 Qxc5 13.O-O b6 14.Nb3 Qc7 15.Bg3 Bd6
16.Bxd6 Qxd6 17.cxd5 exd5 18.Rfd1 Bb7 19.Nd4 Rac8 20.Qf5 Rfd8 21.Rd2 Ne5
22.Bf3 Ne4 23.Bxe4 dxe4 24.Rdd1 Nc6 25.Qg4 Qf6 26.h4 h6 27.Qg3 Kh7 28.Nde2  0-1

[Event "XVIII Open"]
[Site "Cappelle la Grande FRA"]
[Date "2002.02.10"]
[Round "2"]
[White "Winants,L"]
[Black "Payen,A"]
[Result "1-0"]
[WhiteElo "2488"]
[BlackElo "2388"]

1.d4 d5 2.c4 c6 3.Nc3 Nf6 4.Nf3 a6 5.c5 Nbd7 6.Bf4 Nh5 7.Be3 g6 8.g3 Bg7
9.Bg2 O-O 10.O-O h6 11.Qd2 Kh7 12.b4 Qe8 13.Rac1 e6 14.Na4 g5 15.h4 g4 16.Ne5 Nxe5
17.dxe5 f6 18.exf6 Nxf6 19.Qc2+ Kh8 20.Bd2 e5 21.Nb6 Rb8 22.e4 d4 23.Nc4 Bd7
24.a4 Qe7 25.Rb1 Rbc8 26.Nd6 Rc7 27.Rfe1 Ne8 28.Nf5 Qf6 29.Rf1 Bxf5 30.exf5 Qxf5
31.Qxf5 Rxf5 32.b5 axb5 33.axb5 cxb5 34.Rxb5 e4 35.Bxe4 Rfxc5 36.Rb6 Rd7
37.Bxb7 Nd6 38.Ba6 Rd8 39.Bb4 Rd5 40.Bd3 Nf7 41.Be4 Re5 42.Bg6 Kg8 43.Rc1 Rd7
44.Rb8+ Nd8 45.Rc7 Rb5 46.Ra8  1-0

[Event "XVIII Open"]
[Site "Cappelle la Grande FRA"]
[Date "2002.02.11"]
[Round "3"]
[White "Rausis,I"]
[Black "Burmakin,V"]
[Result "1/2-1/2"]
[WhiteElo "2466"]
[BlackElo "2564"]

1.d4 d5 2.c4 c6 3.Nf3 Nf6 4.Nc3 a6 5.cxd5 cxd5 6.Bf4 Nc6 7.Rc1 e6 8.e3 Bd6
9.Ne5 O-O 10.Bd3 Bxe5 11.dxe5 Nd7 12.O-O Ndxe5 13.Bxe5 Nxe5 14.Bxh7+ Kxh7
15.Qh5+ Kg8 16.Qxe5 Bd7 17.Rfd1 Rc8 18.e4 dxe4 19.Qxe4 Bc6 20.Rxd8 Bxe4 21.Rxc8 Rxc8
22.f3 Bc6 23.Kf2 Kf8 24.Ke3 Ke7 25.h4 Rh8  1/2-1/2

[Event "XVIII Open"]
[Site "Cappelle la Grande FRA"]
[Date "2002.02.13"]
[Round "5"]
[White "Goossens,E"]
[Black "Fontaine,R"]
[Result "0-1"]
[WhiteElo "2192"]
[BlackElo "2469"]

1.d4 d5 2.c4 c6 3.Nf3 Nf6 4.Nc3 a6 5.Bg5 Ne4 6.Bf4 Nxc3 7.bxc3 dxc4 8.a4 b5
9.Qc2 Bb7 10.e4 Nd7 11.Be2 e6 12.O-O Be7 13.Rfb1 Qc8 14.Qb2 Ra7 15.Be3 Ba8
16.d5 Bc5 17.dxe6 fxe6 18.Qd2 Bxe3 19.Qxe3 Rc7 20.Ng5 Nf6 21.Qc5 h6 22.Nh3 Kf7
23.Nf4 Rd8 24.Bh5+ Kg8 25.Bg6 Nd7 26.Qh5 Nf8 27.axb5 cxb5 28.Re1 Nxg6 29.Qxg6 Re7
30.e5 Rf8 31.Nh5 Kh8 32.Re3 Rf5 33.Rh3 Qe8 34.Qxe8+ Rxe8 35.f4 Rd8 36.Rxa6 Rd1+
37.Kf2 Bd5 38.Ra7 Rd2+ 39.Ke1 Rxg2 40.Nf6 gxf6 41.Rxh6+ Kg8 42.exf6 e5 43.Rd7 exf4
44.Rd8+ Kf7 45.Rd7+ Ke8 46.Rhh7 Rxf6 47.Rxd5 f3 48.Kf1 f2 49.Rh8+ Ke7 50.Rh7+ Ke6  0-1

[Event "Petrov Mem Open"]
[Site "St Petersburg RUS"]
[Date "2002.02.13"]
[Round "2"]
[White "Zakharstov,V"]
[Black "Gavrjushin,O"]
[Result "1/2-1/2"]
[WhiteElo "2531"]
[BlackElo "2335"]

1.Nf3 d5 2.d4 Nf6 3.c4 c6 4.Nc3 a6 5.c5 g6 6.Bf4 Bg7 7.e3 O-O 8.h3 Bf5 9.Be2 Be4
10.O-O Bxf3 11.Bxf3 Nbd7 12.b4 Re8 13.Qc2 e5 14.dxe5 Nxe5 15.Be2 h6 16.Rad1 Qe7
17.Rfe1 a5 18.a3 axb4 19.axb4 Ra3 20.Ra1 Rea8 21.Rxa3 Rxa3 22.Qb2 Ra8 23.Qc2 Ra3
24.Qb2 Ra8 25.Qc2  1/2-1/2

[Event "TCh-FIN 2001-02"]
[Site "FIN"]
[Date "2002.02.16"]
[Round "7"]
[White "Norri,J"]
[Black "Karttunen,M"]
[Result "1/2-1/2"]
[WhiteElo "2423"]
[BlackElo "2429"]

1.d4 d5 2.c4 c6 3.Nc3 Nf6 4.Nf3 a6 5.Bg5 Ne4 6.Bf4 Nxc3 7.bxc3 dxc4 8.g3 Nd7
9.Bg2 b5 10.O-O Bb7 11.e4 e6 12.Ng5 c5 13.d5 e5 14.Be3 Be7 15.Qh5 Bxg5 16.Bxg5 Qb6
17.f4 Qg6 18.Qe2 exf4 19.Bxf4 O-O 20.Bh3 Bc8 21.Bc7 Nf6 22.Bf5 Bxf5 23.exf5 Qg5
24.d6 Rae8 25.Qf2 h5 26.Rad1 Nd7 27.Rfe1 Rxe1+ 28.Rxe1 b4 29.Qf4 Qxf4 30.gxf4 bxc3
31.Re4 c2 32.Rxc4 Re8 33.Rxc2 Re4 34.Rf2 Rd4 35.Re2 Nf6 36.Rc2 Ne4 37.Kg2 Nxd6
38.Rxc5 Rd2+ 39.Kf3 Nb5 40.a4 Nxc7 41.Rxc7 Rd4 42.Rc8+ Kh7 43.f6 Rxa4 44.Rc5 Ra3+
45.Kg2 h4 46.Rh5+ Kg6 47.fxg7 Kxg7 48.Rxh4 Kg6 49.Rh8 Kf5 50.Rf8 Ra2+ 51.Kg3 f6
52.h4 Ra3+ 53.Kg2 Kg6 54.h5+ Kg7 55.Rc8 a5 56.Rc7+ Kh6 57.Rf7 Kxh5 58.Rxf6 Kg4
59.Kf2 a4 60.Ke2 Rh3 61.Kd2 a3 62.Kc2 Rh1 63.Ra6 Ra1 64.Ra4 Kf5 65.Kb3 Rf1
66.Kxa3 Ra1+ 67.Kb4 Rxa4+ 68.Kxa4 Kxf4  1/2-1/2

[Event "Petrov Mem Open"]
[Site "St Petersburg RUS"]
[Date "2002.02.19"]
[Round "8"]
[White "Bocharov,D"]
[Black "Vorobiov,E"]
[Result "1/2-1/2"]
[WhiteElo "2452"]
[BlackElo "2534"]

1.d4 d5 2.c4 c6 3.Nf3 Nf6 4.Nc3 a6 5.cxd5 cxd5 6.Bg5 Ne4 7.Bh4 Qa5 8.Qb3 e6
9.e3 Nc6 10.Bd3 f5 11.O-O Bd6 12.Rfc1 O-O 13.Bg3 Nxg3 14.hxg3 Bd7 15.Qxb7 Ra7
16.Qb3 Rb8 17.Qd1 Rxb2 18.Na4 Rb8 19.Nc5 Bxc5 20.Rxc5 Qd8 21.Rac1 Ne7 22.Ne5 Bb5
23.Bxb5 axb5 24.g4 Rxa2 25.Rc7 Rba8 26.gxf5 Nxf5 27.Qh5 Qe8 28.Qxe8+ Rxe8
29.g4 Nd6 30.R1c6 Ne4 31.Rxe6 Rea8 32.Ree7 Rxf2 33.Rxg7+ Kf8 34.Ra7 Rxa7
35.Rxa7 Re2 36.Rb7 Rxe3 37.Rxb5 Nf6 38.Kf2 Rxe5 39.dxe5 Nxg4+ 40.Kg3 Nxe5
41.Rxd5 Ng6 42.Rd7 h5 43.Ra7 Ne7 44.Kf4 h4 45.Kg4 Kf7 46.Kxh4 Ke6 47.Kg5 Nd5
48.Ra1 Ke5 49.Rd1 Ke4 50.Rxd5  1/2-1/2

[Event "ch-Serbia"]
[Site "Leskovac YUG"]
[Date "2002.02.22"]
[Round "8"]
[White "Markovic,Milo"]
[Black "Stankovic,G"]
[Result "1-0"]
[WhiteElo "2306"]
[BlackElo "2044"]

1.d4 d5 2.Nf3 Nf6 3.c4 c6 4.Nc3 a6 5.a4 e6 6.c5 a5 7.Bg5 Be7 8.e3 b6 9.cxb6 Qxb6
10.Qc2 Ba6 11.Be2 Bxe2 12.Qxe2 Bb4 13.O-O Bxc3 14.Bxf6 Qxb2 15.Qxb2 Bxb2
16.Bxg7 Bxa1 17.Bxh8 Bc3 18.Ne5 Ke7 19.Bg7 Bb4 20.Rc1 Ra6 21.g4 f6 22.Nd3 Nd7
23.Kg2 Kf7 24.Bh6 e5 25.h4 Be7 26.h5 Rb6 27.Rc3 Ke6 28.f4 e4 29.f5+ Kd6 30.Bf4+  1-0

[Event "ch-RUS Girls U20"]
[Site "Vladimir RUS"]
[Date "2002.03.05"]
[Round "5"]
[White "Ovod,E"]
[Black "Zimina,O"]
[Result "1-0"]
[WhiteElo "2355"]
[BlackElo "2345"]

1.d4 d5 2.c4 c6 3.Nf3 Nf6 4.Nc3 a6 5.c5 Nbd7 6.Bf4 Nh5 7.e3 g6 8.Bd3 Bg7
9.O-O O-O 10.h3 Nxf4 11.exf4 Re8 12.Re1 f6 13.f5 gxf5 14.Bxf5 Nf8 15.Nh4 Qc7
16.Qh5 Bxf5 17.Nxf5 Ng6 18.Re3 Qf4 19.Re6 Qg5 20.Qxg5 fxg5 21.Nxg7 Kxg7 22.Rae1 Rf8
23.Ne2 Rf6 24.Ng3 Rxe6 25.Rxe6 Rf8 26.Nh5+ Kg8 27.Re3 Rf7 28.Rg3 h6 29.Re3 Kf8
30.g3 Kg8 31.Kf1 Rf8 32.Ke2 Kf7 33.f4 gxf4 34.Nxf4 Nxf4+ 35.gxf4 e6 36.Rb3 Kg6
37.Rxb7 Rxf4 38.Rb6 Rxd4 39.Rxc6 Kf5 40.Rxa6 Rc4 41.c6 Ke4 42.Kd2 e5 43.b3 Rc5
44.b4 Rc4 45.b5 d4 46.Ra3 Kd5 47.Rb3 e4 48.b6 e3+ 49.Kd3 Rc1 50.b7 Rd1+ 51.Ke2 Rd2+  1-0

[Event "ch-RUS Boys U20"]
[Site "Vladimir RUS"]
[Date "2002.03.05"]
[Round "5"]
[White "Iljin,A"]
[Black "Doukhine,I"]
[Result "1-0"]
[WhiteElo "2364"]
[BlackElo "2299"]

1.Nf3 Nf6 2.c4 c6 3.d4 d5 4.Nc3 a6 5.Bg5 Ne4 6.Bf4 Nxc3 7.bxc3 dxc4 8.g3 b5
9.Bg2 e6 10.Ne5 Bb7 11.Rb1 Qc8 12.O-O Be7 13.e4 O-O 14.Qg4 Kh8 15.Qh5 Kg8
16.Qg4 Rd8 17.Bh3 Nd7 18.Nxf7 Kxf7 19.Qh5+ Kg8 20.Bxe6+ Kh8 21.Bf5 h6 22.Bxh6 Nf6
23.Qf7  1-0

[Event "ch-RUS Boys U20"]
[Site "Vladimir RUS"]
[Date "2002.03.08"]
[Round "7"]
[White "Bocharov,D"]
[Black "Bryzgalin,K"]
[Result "1/2-1/2"]
[WhiteElo "2452"]
[BlackElo "2396"]

1.d4 d5 2.c4 c6 3.Nf3 Nf6 4.Nc3 a6 5.cxd5 cxd5 6.Bg5 Ne4 7.Bh4 Nc6 8.e3 Bf5
9.Bd3 Nxc3 10.bxc3 Bg6 11.O-O Qd7 12.Rb1 e6 13.Bg3 Be7 14.Bxg6 hxg6 15.Qb3 b5
16.a4 Na5 17.Qa2 O-O 18.Ne5 Qe8 19.axb5 axb5 20.Qe2 Nc4 21.Nxc4 bxc4 22.Rb7 Bf6
23.Rfb1 Qa4 24.h3 Qa3 25.Qc2 Bd8 26.Rd7 Ra6 27.Rbb7 Rb6 28.Ra7 Ra6 29.Rxa6 Qxa6
30.Qb2 Bf6 31.Kh2 g5 32.Qb4 Rd8 33.Rb7 Ra8 34.Bb8 Qc6 35.Bg3 Rc8 36.Ra7 Bd8
37.Be5 Ra8 38.Rb7 Ra4 39.Qb1 Ra6 40.Rb8 Ra8 41.g4 Rxb8 42.Qxb8 Qd7 43.Kg2 f6
44.Bg3 Kf7 45.Qa8 Be7 46.Qb8 Ba3 47.Kf3 Bf8 48.Kg2 Be7 49.Kf3 Qc6 50.Qa7 e5
51.Kg2 exd4 52.exd4 Qe6 53.Qb7 g6 54.Qa8 Kg7 55.Qb7 Kg8 56.Qb8+ Bf8 57.Qb7 Qe4+
58.Kh2 Be7 59.Qd7 Kf7 60.Bd6 Qe6 61.Qxe7+ Qxe7 62.Bxe7 Kxe7 63.Kg3  1/2-1/2

[Event "ch-RUS Boys U20"]
[Site "Vladimir RUS"]
[Date "2002.03.10"]
[Round "9"]
[White "Riazantsev,A"]
[Black "Bryzgalin,K"]
[Result "1/2-1/2"]
[WhiteElo "2511"]
[BlackElo "2396"]

1.d4 d5 2.c4 c6 3.Nf3 Nf6 4.Nc3 a6 5.e3 b5 6.b3 Bg4 7.Be2 e6 8.O-O Bd6 9.h3 Bh5
10.Bb2 O-O 11.Ne5 Bxe2 12.Nxe2 Nfd7 13.Rc1 Bxe5 14.dxe5 bxc4 15.bxc4 Nb6
16.cxd5 cxd5 17.Nf4 Qg5 18.Rc7 N8d7 19.Bd4 Rfc8 20.Rb7 Rcb8 21.Rc7 Rc8 22.Rb7 Rcb8
23.Rc7 Rc8 24.Rb7  1/2-1/2

[Event "ch-RUS Boys U20"]
[Site "Vladimir RUS"]
[Date "2002.03.11"]
[Round "10"]
[White "Utnasunov,A"]
[Black "Doukhine,I"]
[Result "1-0"]
[WhiteElo "2301"]
[BlackElo "2299"]

1.d4 d5 2.c4 c6 3.Nc3 Nf6 4.Nf3 a6 5.Bg5 Ne4 6.Bf4 Nxc3 7.bxc3 dxc4 8.g3 e6
9.Bg2 b5 10.Bxb8 Rxb8 11.Ne5 Bb7 12.O-O Qc7 13.f4 Be7 14.e4 O-O 15.f5 exf5
16.Rxf5 c5 17.Ng4 cxd4 18.cxd4 b4 19.e5 Rbd8 20.Nf6+ gxf6 21.exf6 Bxf6 22.Rxf6 Bxg2
23.Kxg2 Rd6 24.Qg4+ Kh8 25.Rf5 Qc6+ 26.Kg1 c3 27.Raf1 Qc4 28.R5f4 Qxa2 29.Qg5 Qe6
30.Rg4 Qxg4 31.Qxg4 b3 32.Qf4 Rg6 33.d5 c2 34.Qc4 Rb8 35.Qc7 Rbb6 36.Rxf7 Kg8
37.Re7 Rbf6 38.Re8+ Rf8 39.Rxf8+ Kxf8 40.d6 c1=R+ 41.Qxc1 Rxd6 42.Qc8+ Ke7
43.Qb7+ Kd8 44.Qxb3 h6 45.h4 Ke7 46.g4 Rg6 47.Qc4 Kf8 48.Kg2 Kg7 49.Kg3 Rf6
50.g5 Rg6 51.Kg4 hxg5 52.hxg5 Kh7 53.Qf7+ Rg7 54.Qh5+ Kg8 55.Qe8+ Kh7 56.Kh5  1-0

[Event "Masters"]
[Site "Wroxham ENG"]
[Date "2002.03.11"]
[Round "3"]
[White "Gormally,D"]
[Black "Kelly,B"]
[Result "1/2-1/2"]
[WhiteElo "2506"]
[BlackElo "2445"]

1.d4 d5 2.c4 c6 3.Nf3 Nf6 4.Nc3 a6 5.e3 b5 6.b3 Bg4 7.Be2 e6 8.O-O Nbd7 9.h3 Bh5
10.Bb2 Qb8 11.Ne5 Bxe2 12.Qxe2 Nxe5 13.dxe5 Nd7 14.cxd5 cxd5 15.f4 Bc5 16.Qg4 Bxe3+
17.Kh1 O-O 18.Nxd5 exd5 19.e6 d4 20.exd7 Ra7 21.Rae1 f5 22.Qd1 Qd8 23.Bxd4  1/2-1/2

[Event "Ciocaltea Mem"]
[Site "Bucharest ROM"]
[Date "2002.03.13"]
[Round "10"]
[White "Manolache,M"]
[Black "Rogozenko,D"]
[Result "0-1"]
[WhiteElo "2433"]
[BlackElo "2530"]

1.d4 d5 2.c4 c6 3.Nf3 Nf6 4.Nc3 a6 5.c5 Nbd7 6.Bf4 Nh5 7.Be3 g6 8.h3 Bg7
9.g4 Nhf6 10.Bg2 h5 11.g5 Nh7 12.Bf4 e5 13.dxe5 Nxc5 14.Qd2 O-O 15.Rd1 Qe7
16.O-O Re8 17.Bg3 Ne4 18.Qf4 Nexg5 19.Nxg5 Nxg5 20.Bh4 Ne6 21.Qa4 g5 22.Bg3 b5
23.Qc2 h4 24.Bh2 Nf4 25.Bxf4 gxf4 26.Kh1 Qxe5 27.Nxd5 cxd5 28.Rxd5 Qf6 29.Rh5 Rb8
30.Rg1 Re5 31.Qh7+ Kf8 32.Rxe5 Qxe5 33.Qxh4 Be6 34.Bf3 Bxa2 35.Rg4 Qf6 36.Qh5 Rc8
37.Rg5 Qxb2  0-1

[Event "TCh-ISR"]
[Site "ISR"]
[Date "2002.03.15"]
[Round "7"]
[White "Zoler,D"]
[Black "Shevelev,A"]
[Result "1-0"]
[WhiteElo "2497"]
[BlackElo "2348"]

1.d4 d5 2.c4 c6 3.Nf3 Nf6 4.Nc3 a6 5.c5 Nbd7 6.Bf4 Nh5 7.Bg5 h6 8.Be3 g6
9.g3 Bg7 10.Qc1 g5 11.Bg2 f5 12.h4 g4 13.Nh2 e5 14.dxe5 Nxe5 15.O-O Nc4 16.Rd1 Be6
17.Bd4 Bxd4 18.Rxd4 Qf6 19.e3 O-O 20.Ne2 Rad8 21.Bh1 Ne5 22.a3 Rd7 23.b4 Rg7
24.a4 Ng6 25.Qc3 Qe5 26.Nf1 Nf6 27.Rb1 Ne4 28.Qb2 Nf6 29.Nf4  1-0

[Event "13th Goodricke"]
[Site "Calcutta IND"]
[Date "2002.03.19"]
[Round "3"]
[White "Sherbakov,R"]
[Black "Sriram,J"]
[Result "1/2-1/2"]
[WhiteElo "2539"]
[BlackElo "2408"]

1.d4 d5 2.c4 c6 3.Nf3 Nf6 4.Nc3 a6 5.c5 Nbd7 6.Bf4 Nh5 7.Bd2 Nhf6 8.Bf4 Nh5
9.e3 g6 10.Bd3 Bg7 11.O-O O-O 12.Bg5 Re8 13.e4 dxe4 14.Nxe4 Ndf6 15.Bc4 Nd5
16.h3 Be6 17.Qb3 Qd7 18.Rad1 Nc7 19.Bxe6 Nxe6 20.Be3 Red8 21.Ne5 Qc7  1/2-1/2

[Event "4th Rector Cup"]
[Site "Kharkov UKR"]
[Date "2002.03.22"]
[Round "1"]
[White "Kempinski,R"]
[Black "Kobalia,M"]
[Result "0-1"]
[WhiteElo "2576"]
[BlackElo "2620"]

1.d4 d5 2.c4 c6 3.Nc3 Nf6 4.Nf3 a6 5.e3 b5 6.b3 Bg4 7.Bd3 e6 8.O-O Nbd7 9.Ne2 Bd6
10.Ng3 h5 11.h3 h4 12.Ne2 Bf5 13.Bxf5 exf5 14.Qc2 Ne4 15.Bb2 Qf6 16.cxd5 cxd5
17.Rac1 O-O 18.Rfd1 Nb6 19.Ne5 Rfc8 20.Qb1 g6 21.Nf4 Qe7 22.Rxc8+ Rxc8 23.Rc1 Qe8
24.Rc2 g5 25.Rxc8 Qxc8 26.Nfd3 f6 27.Nf3 Kf7 28.Kh1 a5 29.Qd1 Kg6 30.Nd2 a4
31.Nxe4 fxe4 32.Nc5 Bb8 33.Kg1 Qc7 34.f4 exf3 35.Qxf3 Qh2+ 36.Kf2 Qh1 37.Nd3 Bg3+
38.Ke2 Qb1 39.e4 Qc2+ 40.Kf1 dxe4 41.Qxe4+ Kh6 42.Qe2 Qb1+ 43.Nc1 Nd5 44.bxa4 bxa4
45.Ba3 Kg7 46.Qd3 Qb7 47.Ne2 Bf4 48.Kg1 Ne3 49.Nxf4 gxf4 50.d5 Qxd5 51.Qxd5 Nxd5
52.Bd6 Kf7 53.a3 Ke6 54.Bf8 Ke5 55.Kf2 Ke4 56.Bd6 Ne3 57.Be7 Nd1+ 58.Ke2 Nc3+
59.Kf2 Nd5 60.Bd6 Nb6 61.Be7 Kf5 62.Kf3 Nc4 63.Bf8 Ne5+ 64.Kf2 f3 65.gxf3 Ng6
66.Bb4 Nf4 67.Bc3 Nxh3+ 68.Kg2 Nf4+ 69.Kh2 Ne2 70.Bb2 Kg5 71.Kg2 f5 72.Kf2 h3
73.Be5 f4 74.Bd6 Nd4 75.Be5 h2 76.Kg2 Nxf3 77.Bd6 Kf5 78.Bb8 Ke4 79.Bc7 Ne5
80.Bd6 Ng4  0-1

[Event "8th Schloss Open"]
[Site "Werther GER"]
[Date "2002.03.24"]
[Round "5"]
[White "Epishin,V"]
[Black "Velicka,P"]
[Result "1-0"]
[WhiteElo "2599"]
[BlackElo "2445"]

1.d4 d5 2.c4 c6 3.Nc3 Nf6 4.Nf3 a6 5.a4 e6 6.e3 c5 7.Bd3 Nc6 8.O-O cxd4 9.exd4 dxc4
10.Bxc4 Nb4 11.Bf4 Be7 12.Re1 O-O 13.Ne5 Bd7 14.Re3 Rc8 15.Rg3 Re8 16.h4 Bc6
17.h5 Bf8 18.Bh6 Be4 19.Be2 Nc2 20.Bg5 Bf5 21.Ng4 Bxg4 22.Qxc2 Bxe2 23.Qxe2 Be7
24.h6 g6 25.Qe5 Rf8 26.Re1 Ne8 27.Bxe7 Qxe7 28.d5 Rc4 29.Rf3 Qc7 30.Qe2 Rf4
31.dxe6 Rxf3 32.e7  1-0

[Event "4th Rector Cup"]
[Site "Kharkov UKR"]
[Date "2002.03.25"]
[Round "4"]
[White "Gershon,A"]
[Black "Kobalia,M"]
[Result "1/2-1/2"]
[WhiteElo "2558"]
[BlackElo "2620"]

1.d4 d5 2.c4 c6 3.Nf3 Nf6 4.Nc3 a6 5.a4 e6 6.Bg5 Nbd7 7.cxd5 exd5 8.e3 a5
9.Qc2 Be7 10.Bd3 O-O 11.O-O Re8 12.h3 Nf8 13.Ne5 N6d7 14.Bf4 Nxe5 15.Bxe5 Bd6
16.Bxd6 Qxd6  1/2-1/2

[Event "4th Rector Cup"]
[Site "Kharkov UKR"]
[Date "2002.03.27"]
[Round "8"]
[White "Moiseenko,A"]
[Black "Kobalia,M"]
[Result "1/2-1/2"]
[WhiteElo "2559"]
[BlackElo "2620"]

1.d4 d5 2.c4 c6 3.Nc3 Nf6 4.Nf3 a6 5.cxd5 cxd5 6.Bg5 Ne4 7.e3 Nxg5 8.Nxg5 e6
9.f4 Be7 10.h4 Nd7 11.Bd3 Nf6 12.Rc1 b5 13.a4 bxa4 14.Nxa4 Qa5+  1/2-1/2

[Event "Suetin Mem"]
[Site "Tula RUS"]
[Date "2002.03.28"]
[Round "6"]
[White "Zakharevich,I"]
[Black "Burmakin,V"]
[Result "0-1"]
[WhiteElo "2466"]
[BlackElo "2564"]

1.d4 d5 2.Nf3 c6 3.c4 Nf6 4.Nc3 a6 5.c5 Nbd7 6.Bf4 Nh5 7.e3 g6 8.Bd3 Bg7
9.O-O O-O 10.Bg5 Re8 11.Nd2 Bf6 12.Bxf6 Nhxf6 13.f4 b6 14.cxb6 c5 15.b3 cxd4
16.exd4 Qxb6 17.Nf3 Bb7 18.Na4 Qd6 19.Ne5 Rec8 20.Qd2 Bc6 21.Nb2 Bb5 22.Rfc1 Qa3
23.Rxc8+ Rxc8 24.Bxb5 axb5 25.Nbd3 Qa7 26.Nf3 Ne4 27.Qb4 g5 28.h3 h5 29.a3  0-1

[Event "4th Rector Cup"]
[Site "Kharkov UKR"]
[Date "2002.03.29"]
[Round "10"]
[White "Eljanov,P"]
[Black "Kobalia,M"]
[Result "1/2-1/2"]
[WhiteElo "2540"]
[BlackElo "2620"]

1.d4 d5 2.c4 c6 3.Nf3 Nf6 4.Nc3 a6 5.e3 b5 6.cxb5 cxb5 7.Bd3 e6 8.O-O Bb7
9.a4 b4 10.Ne2 Ne4 11.a5 Bd6 12.Ne5 Nd7 13.f3 Nef6 14.f4 Ne4 15.Qa4 Rc8 16.Bxe4 dxe4
17.Bd2 Bxe5 18.fxe5 Bc6 19.Qxb4 Bb5 20.Rf2 Rc4 21.Qd6 Rc6 22.Qa3 Nxe5 23.dxe5 Qxd2
24.Nc3 Qd3 25.Rd1 Rxc3 26.Qa1 Rc7 27.Rxd3 exd3 28.b3 O-O 29.Rd2 Rc2 30.Qd1 Rxd2
31.Qxd2 Rc8 32.Qb4 h6 33.Kf2 Rd8 34.Qd2 Rd5 35.e4 Rxe5 36.Qb4 f5 37.exf5 exf5
38.Qd6 Re8 39.h4 Kf7 40.h5 Re6 41.Qd8 Re7 42.Qd5+ Kf6 43.Qd4+ Ke6 44.Ke1 Rd7
45.Qb6+ Rd6 46.Qe3+ Kf7 47.Kd1 Kf6 48.Qf4 Rd5 49.Kd2 Rd7 50.Qg3 Re7 51.Qd6+ Re6
52.Qf8+ Kg5 53.Qxg7+ Kf4 54.Qc7+ Kg4 55.Qf7 Rc6 56.Qd5 Rc2+ 57.Kd1 Rf2 58.Qd4+ Rf4
59.Qe3 Rf1+ 60.Kd2 Kxh5 61.Qh3+ Kg6 62.Qg3+ Kf7 63.Qc7+ Ke6 64.Qb6+ Kd5 65.Qxh6 Rf2+
66.Kd1 Ke4 67.Qh4+ Rf4 68.Qe7+ Kd5 69.Qd8+ Ke6 70.Qb6+ Kd5 71.Kd2 Rf1 72.Qb7+ Ke5
73.Qe7+ Kd5  1/2-1/2

[Event "ch-MGL"]
[Site "Ulaanbaatar MGL"]
[Date "2002.04.01"]
[Round "1"]
[White "Surendorj,H"]
[Black "Batzorig,O"]
[Result "1-0"]
[WhiteElo "2300"]
[BlackElo "2217"]

1.d4 d5 2.c4 c6 3.Nf3 Nf6 4.Nc3 a6 5.cxd5 cxd5 6.Bg5 e6 7.e3 Be7 8.Bd3 Nc6
9.Rc1 h6 10.Bh4 O-O 11.O-O Bd7 12.Bb1 Rc8 13.Ne5 Be8 14.f4 Nxe5 15.fxe5 Nh7
16.Bxe7 Qxe7 17.Nxd5 exd5 18.Rxc8 Ng5 19.h4 Ne6 20.Qe2 g6 21.h5 Qg5 22.hxg6 fxg6
23.Rxf8+ Kxf8 24.Qf2+ Ke7 25.Qf6+ Qxf6 26.exf6+ Kd7 27.Rxe8 Kxe8 28.Bxg6+ Kf8
29.Kf2 Nc7 30.Kf3 Ne6 31.Kg4 a5 32.Kf5 Nc7 33.Ke5 a4 34.Kd6 Nb5+ 35.Kxd5 a3
36.bxa3 Nc3+ 37.Kc4 Nxa2 38.e4 b5+  1-0

[Event "ch-MGL"]
[Site "Ulaanbaatar MGL"]
[Date "2002.04.04"]
[Round "5"]
[White "Tovsanaa,N"]
[Black "Hatanbaatar,B"]
[Result "1/2-1/2"]
[WhiteElo "2310"]
[BlackElo "2453"]

1.d4 d5 2.c4 c6 3.Nf3 Nf6 4.Nc3 a6 5.a4 e6 6.Bg5 Nbd7 7.cxd5 exd5 8.e3 Qa5
9.Bd3 Ne4 10.O-O Nxg5 11.Nxg5 Nf6 12.Qe2 h6 13.Nf3 Bd6 14.h3 Qc7 15.Rab1 Qe7
16.e4 dxe4 17.Nxe4 Nxe4 18.Bxe4 O-O 19.Rfe1 Qf6 20.b4 Be6 21.b5 axb5 22.axb5 Rac8
23.bxc6 bxc6 24.Rb6 Bd5 25.Bxd5 cxd5 26.Qd3 Rc4 27.g3 Rfc8 28.Re3 Qd8 29.Kg2 Be7
30.Ne5 Bf6 31.Rxf6 gxf6 32.Nxc4 dxc4 33.Qb1 c3 34.Re7 Rb8 35.Rd7 Qe8 36.Re7 Qd8
37.Rd7 Qe8 38.Re7 Qf8 39.Qb7 Qc8 40.Qb5 Qf8 41.Re4 c2 42.Rg4+ Kh8 43.Qc6 Rc8
44.Qe6 Kh7 45.Qf5+ Kh8 46.Kh2  1/2-1/2

[Event "IDJM"]
[Site "Augsburg GER"]
[Date "2002.04.06"]
[Round "6"]
[White "Bromberger,S"]
[Black "Langheinrich,F"]
[Result "1-0"]
[WhiteElo "2407"]
[BlackElo "2405"]

1.d4 d5 2.c4 c6 3.Nc3 Nf6 4.Nf3 a6 5.e3 Bg4 6.Qb3 Ra7 7.Ne5 Be6 8.cxd5 Bxd5
9.Qc2 g6 10.e4 Be6 11.Be3 Ra8 12.h3 Bg7 13.Be2 O-O 14.O-O Ne8 15.Rfd1 Nd6
16.Na4 Nd7 17.Nf3 b5 18.Nc5 Bc4 19.Nxd7 Bxe2 20.Nxf8 Bxd1 21.Rxd1 Kxf8 22.Qxc6 Nc4
23.Bc1 Na5 24.Qc5 Rc8 25.Qa3 Qb6 26.Bg5 f6 27.Be3 Nc4 28.Qc3 b4 29.Qc2 Nd6
30.Qd3 Qa5 31.Bd2 Qxa2 32.Bxb4 Nb5 33.Qe2 Kf7 34.Kf1 Qb3 35.Bc5 Rc7 36.Rd3 Qc4
37.b3 Qc1+ 38.Rd1 Qc3 39.b4 Qb3 40.Ra1 Nc3 41.Qd3 Qb2 42.Re1 Nb5 43.Qc4+ Kf8
44.Qe6 Qa3 45.e5 Qd3+ 46.Kg1 Qf5 47.Qxa6 Nc3 48.Nh4 Qc8 49.Bxe7+ Kxe7 50.exf6+ Kf8
51.fxg7+ Kxg7 52.Re7+ Kh6 53.Qxc8 Rxc8 54.Nf3 Rb8 55.g4  1-0

[Event "Golden Cleopatra"]
[Site "Cairo EGY"]
[Date "2002.04.07"]
[Round "1"]
[White "Fatehy,T"]
[Black "Vysochin,S"]
[Result "1/2-1/2"]
[WhiteElo "2136"]
[BlackElo "2531"]

1.d4 d5 2.c4 c6 3.Nc3 Nf6 4.Nf3 a6 5.cxd5 cxd5 6.Bf4 Nc6 7.e3 Bg4 8.Be2 e6
9.h3 Bxf3 10.Bxf3 Bd6 11.Bxd6 Qxd6 12.O-O b5 13.Rc1 O-O 14.e4 dxe4 15.Nxe4 Nxe4
16.Bxe4 Rac8 17.d5 Ne5 18.dxe6 Qxe6 19.Rxc8 Rxc8 20.Bd5 Qf6 21.Re1 g6 22.Qe2 Re8
23.Kh1 Re7 24.Qd2 Kg7 25.f4 Nc4 26.Bxc4 Rxe1+ 27.Qxe1 bxc4 28.Qd2 h5 29.g3 Qc6+
30.Kg1 Qe4 31.Qc3+ f6 32.Qd2 Qb1+ 33.Kf2 Qxa2 34.Qd7+ Kh6 35.Qd4 Kg7 36.Qd7+  1/2-1/2

[Event "III Open"]
[Site "Dos Hermanas ESP"]
[Date "2002.04.09"]
[Round "5"]
[White "Ivanov,J"]
[Black "Rustemov,A"]
[Result "0-1"]
[WhiteElo "2410"]
[BlackElo "2607"]

1.d4 d5 2.c4 c6 3.Nf3 Nf6 4.Nc3 a6 5.c5 Nbd7 6.Bf4 Nh5 7.e3 g6 8.Bd3 Bg7
9.O-O O-O 10.h3 Nxf4 11.exf4 Qc7 12.f5 b6 13.cxb6 Nxb6 14.fxg6 hxg6 15.Rc1 c5
16.Re1 c4 17.Bb1 Bh6 18.Rc2 Bf5 19.Rce2 e6 20.Bxf5 gxf5 21.Ne5 Nd7 22.Nxf7 Rxf7
23.Rxe6 Nf6 24.Qc2 Bg7 25.Qxf5 Qb7 26.R1e2 Raf8 27.Qg5 Kh8 28.Qh4+ Nh7 29.Re8 Bf6
30.Rxf8+ Rxf8 31.Qh5 Bxd4 32.Nxd5 Qg7 33.Ne7 Rxf2 34.Rxf2 Qxe7 35.Kf1 Bxf2
36.Kxf2 Qe6 37.Qg4 Qb6+ 38.Kf3 Qc6+ 39.Kf4 Nf6 40.Qf3 Qc5 41.Qb7 Nd5+ 42.Ke4 Nf6+
43.Kf4 a5 44.g4 Nd5+ 45.Ke4 Qe3+ 46.Kf5 Qf4+ 47.Ke6 Qf6+ 48.Kd7 Qe7+ 49.Kc6 Nb4+
50.Kb6 Qxb7+ 51.Kxb7 Nd3  0-1

[Event "Classics GM"]
[Site "Gausdal NOR"]
[Date "2002.04.18"]
[Round "9"]
[White "Ostenstad,B"]
[Black "Kulaots,K"]
[Result "0-1"]
[WhiteElo "2438"]
[BlackElo "2531"]

1.d4 Nf6 2.c4 c6 3.Nc3 d5 4.Nf3 a6 5.a4 e6 6.g3 dxc4 7.Bg2 c5 8.Bg5 cxd4
9.Nxd4 Nbd7 10.O-O Qa5 11.Qc1 Be7 12.Rd1 O-O 13.Ne4 h6 14.Bd2 Qc7 15.Bf4 Ne5
16.Nd2 Bd6 17.Bxe5 Bxe5 18.Nxc4 Bxd4 19.Rxd4 Qc5 20.Rd2 Rb8 21.a5 Bd7 22.Nb6 Qb5
23.e3 Bc6 24.Bxc6 bxc6 25.Rc2 Rbd8 26.Rc5 Qe2 27.Rc2 Qf3 28.Qf1 Ne4 29.Qe2 Qf5
30.Ra4 Ng5 31.h4 Nf3+ 32.Kg2 Qxc2 33.Qxf3 Qxb2 34.Qxc6 Rd2 35.Rf4 Qc2 36.Nc4 Rd1
37.Qxa6 Qe2 38.Qc6 Qf1+ 39.Kh2 g5 40.Rf6 Kg7  0-1

[Event "OUCC Open"]
[Site "Oxford ENG"]
[Date "2002.04.28"]
[Round "4"]
[White "Devereaux,M"]
[Black "Buckley,Si"]
[Result "0-1"]
[WhiteElo "2282"]
[BlackElo "2243"]

1.d4 Nf6 2.Nf3 d5 3.c4 c6 4.Nc3 a6 5.c5 Nbd7 6.Bf4 Nh5 7.Bd2 Nhf6 8.Bf4 Nh5
9.Bd2 g6 10.Na4 Nhf6 11.Nb6 Nxb6 12.Ba5 Nfd7 13.Qb3 Bg7 14.e3 e5 15.Nxe5 Nxe5
16.dxe5 Qe7 17.Qxb6 Bxe5 18.Be2 Qf6 19.O-O Bxb2 20.Rab1 Bc3 21.Bxc3 Qxc3
22.h4 Qe5 23.Rb4 h5 24.Bd3 O-O 25.e4 Bg4 26.exd5 Qxd5 27.Be4 Qe5 28.f4 Qc3
29.Kh2 Rae8 30.Qxb7 a5 31.Rb3 Qc4 32.Bd3 Qxc5 33.Qb6 Qd5 34.f5 a4 35.fxg6 axb3
36.gxf7+ Rxf7  0-1

[Event "ch-VIE"]
[Site "Vung Tau VIE"]
[Date "2002.04.29"]
[Round "6"]
[White "Pham Minh Hoang1"]
[Black "Nguyen Thai Binh"]
[Result "1/2-1/2"]
[WhiteElo "2358"]
[BlackElo "2299"]

1.d4 d5 2.c4 c6 3.Nf3 Nf6 4.Nc3 a6 5.a4 g6 6.e3 Bg7 7.h3 O-O 8.Bd3 c5 9.O-O cxd4
10.exd4 Nc6 11.Bg5 Be6 12.c5 b6 13.Qd2 bxc5 14.dxc5 Nd7 15.Bh6 Nxc5 16.Bxg7 Kxg7
17.Bc2  1/2-1/2

[Event "Kuban Spring"]
[Site "Krasnodar RUS"]
[Date "2002.04.??"]
[Round "?"]
[White "Poluljahov,A"]
[Black "Panarin,M"]
[Result "1/2-1/2"]
[WhiteElo "2533"]
[BlackElo "2426"]

1.d4 d5 2.c4 c6 3.Nf3 Nf6 4.Nc3 a6 5.Bg5 Ne4 6.Bf4 Nxc3 7.bxc3 dxc4 8.e4 b5
9.Ne5 Be6 10.Be2 f6 11.Nf3 Bf7 12.O-O e6 13.e5 f5 14.a4 Nd7 15.axb5  1/2-1/2